000 00455nam a2200181Ia 4500
008 230711s9999||||xx |||||||||||||| ||und||
020 _a978-0-19-945542-3
041 _aENG
082 _a5.1
_bPA-S
100 _aPadhy,N.P
245 0 _aSoft computing with matlab programming
250 _a1st Ed.
260 _c2015
_aNew Delhi
_bOxford University Press
300 _a668p.
650 _aElectronics Engineering
700 _aSimon,S.P
942 _cBK
999 _c6004
_d6004